| 000 | 00606nam a2200181Ia 4500 | ||
|---|---|---|---|
| 005 | 20250508164026.0 | ||
| 008 | 008 250505s9999 xx 000 0 eng d | ||
| 037 | _aReference | ||
| 040 |
_aFEDL _beng _cFEDL |
||
| 041 |
_aeng _2eng |
||
| 084 |
_a371.1, VOH _qFEDL |
||
| 100 | _aVohra Amrit Lal | ||
| 245 | 0 | _aManual of service conditions of teachers in Universities and colleges in India: Benefits-privileges-responsibilities India and Abroad | |
| 260 |
_aNew Delhi, India _bCrest Publishing House _c2002 |
||
| 300 | _axxiv,608p | ||
| 942 |
_cREF _h371.1, VOH |
||
| 999 |
_c1386640 _d1386640 |
||